Postupy pre preverenie technologických celkov lakovne VW SK v zmysle limitov BREF

Gespeichert in:
Bibliographische Detailangaben
1. Verfasser: Babjak, Samuel (Verfasst von)
Weitere Verfasser: Součková, Ingrid (Betreuung Doktorarbeit)
Format: Manuskript Buch
Sprache:Slowakisch
Veröffentlicht: 2022
Schlagworte:
Online-Zugang:http://is.stuba.sk/zp/portal_zp.pl?podrobnosti=154155
Tags: Tag hinzufügen
Keine Tags, Fügen Sie das erste Tag hinzu!

MARC

LEADER 00000ntm a22000003a 4500
001 stuzp90919
003 SK-STU
005 20220611214119.6
007 ta
008 150427s2015----xo-----f-mn---000-0-slo-d
040 |a STU  |b slo 
041 0 |a slo 
100 1 |a Babjak, Samuel  |u 020070  |4 aut  |U SjF Strojnícka fakulta  |T SjF Ústav výrobných systémov, enviromentálnej techniky a manažment kvality  |X 98658  |U J0070  |Y 804  |7 98658 
242 0 1 |a Procedures for checking the technological units of the VW SK paint shop in accordance with the BREF limits  |y eng 
245 1 0 |a Postupy pre preverenie technologických celkov lakovne VW SK v zmysle limitov BREF 
260 |c 2022 
650 4 |a životné prostredie  |2 slo 
650 4 |a Lakovacie procesy  |2 slo 
650 4 |a BREF  |2 slo 
650 4 |a environmental impact  |2 eng 
650 4 |a BREF  |2 eng 
650 4 |a Paint shop processes  |2 eng 
700 1 |a Součková, Ingrid  |u 020070  |k Z1  |4 ths  |U SjF Strojnícka fakulta  |T SjF Ústav výrobných systémov, enviromentálnej techniky a manažment kvality  |X 2364  |U J0070  |Y 804  |7 A000002364 
856 4 |u http://is.stuba.sk/zp/portal_zp.pl?podrobnosti=154155 
996 |b 284J046982  |c J* 3482/DBP  |l JJSK  |s A  |a 24  |w stuzp90919_0001